Crítica de la teoría burguesa de la comunicación de masas
Guardado en:
| Hovedforfatter: | |
|---|---|
| Format: | Bog |
| Sprog: | Spanish German |
| Udgivet: |
Madrid:
Ediciones de la Torre,
1982.
|
| Udgivelse: | 1. edición en castellano |
| Serier: | Comunicación. Nuestro Mundo
número 9 |
| Fag: | |
| Tags: |
Tilføj Tag
Ingen Tags, Vær først til at tagge denne postø!
|
MARC
| LEADER | 00000nam a22000007b 4500 | ||
|---|---|---|---|
| 001 | bimo0000607776 | ||
| 005 | 20150427143743.0 | ||
| 008 | 970409s1982 sp | ||| ||spa | ||
| 020 | |a 8485866207 | ||
| 040 | |a SpMaBN |b spa |c SpMaBN | ||
| 041 | 1 | |a spa |h ger | |
| 082 | |a 302.2 |b B622c | ||
| 100 | 1 | |a Bisky, Lothar | |
| 245 | 1 | 0 | |a Crítica de la teoría burguesa de la comunicación de masas |h [Texto impreso] |c Lothar Bisky ; estudio preliminar y traducción de Vicente Romano ; índices y actualización bibliográfica, José Manuel Gómez y Méndez |
| 250 | |a 1. edición en castellano | ||
| 260 | |a Madrid: |b Ediciones de la Torre, |c 1982. | ||
| 300 | |a 222 páginas | ||
| 490 | 1 | |a Comunicación. Nuestro Mundo |v número 9 | |
| 500 | |a Título original: Zur Kritik der bürgerlichen Massenkommunikationsforschung. | ||
| 504 | |a Contiene índice. | ||
| 650 | 1 | 7 | |a MEDIOS DE COMUNICACION DE MASAS |x ASPECTOS SOCIALES |2 embne |
| 942 | |2 ddc |c BK | ||
| 956 | |a 2 | ||
| 999 | |c 4039 |d 4039 | ||



